[Event "Basingstoke 4NCL Spring Bank 2nd U2050"]
[Site "Basingstoke"]
[Date "2019.05.26"]
[Round "4"]
[White "Pal, Rohan"]
[Black "Usharovsky, Ron"]
[Result "0-1"]
[WhiteElo "1430"]
[BlackElo "1671"]
[PlyCount "76"]
[EventDate "2019.05.24"]
[EventType "swiss"]
[EventRounds "7"]
[EventCountry "ENG"]
[SourceTitle "EXT 2020"]
[Source "ChessBase"]
[SourceDate "2019.10.17"]
[SourceVersion "1"]
[SourceVersionDate "2019.10.17"]
[SourceQuality "1"]

1. e4 c6 2. d4 d5 3. exd5 cxd5 4. Bd3 Nc6 5. c3 Nf6 6. Nf3 Bg4 7. 0-0 e6 8. Qe2 Bd6 9. Bg5 Qc7 10. h3 Bh5 11. Nbd2 h6 12. Be3 g5 13. c4 g4 14. hxg4 Bxg4 15. cxd5 Nxd5 16. Bc4 Nf4 17. Bxf4 Bxf4 18. Qe4 Rg8 19. Qh7 0-0-0 20. Qd3 Bxd2 21. Nxd2 Nxd4 22. Qe3 Nc2 23. Qxa7 Bh3 24. Qa8+ Kd7 25. Qa4+ Ke7 26. Rfc1 Rxg2+ 27. Kf1 Rg1+ 28. Kxg1 Rg8+ 29. Kh1 Bg2+ 30. Kg1 Bc6+ 31. Kf1 Bxa4 32. b3 Nxa1 33. bxa4 Qh2 34. Ke2 Rg2 35. Ne4 f5 36. Rxa1 fxe4 37. Rf1 Rg1 38. Rxg1 Qxg1 0-1

[Event "Basingstoke 4NCL Spring Bank 2nd U2050"]
[Site "Basingstoke"]
[Date "2019.05.24"]
[Round "1"]
[White "Usharovsky, Ron"]
[Black "Ireland, David J"]
[Result "0-1"]
[WhiteElo "1671"]
[BlackElo "1948"]
[PlyCount "90"]
[EventDate "2019.05.24"]
[EventType "swiss"]
[EventRounds "7"]
[EventCountry "ENG"]
[SourceTitle "EXT 2020"]
[Source "ChessBase"]
[SourceDate "2019.10.17"]
[SourceVersion "1"]
[SourceVersionDate "2019.10.17"]
[SourceQuality "1"]

1. e4 c5 2. c3 d5 3. exd5 Qxd5 4. d4 Nc6 5. Nf3 cxd4 6. cxd4 e5 7. Nc3 Bb4 8. dxe5 Qxd1+ 9. Kxd1 Bg4 10. Bb5 0-0-0+ 11. Bd2 Nxe5 12. Be2 Bxf3 13. gxf3 Ne7 14. Rc1 N7c6 15. a3 Bxc3 16. Rxc3 Kb8 17. Kc1 Nd4 18. Re1 Rhe8 19. Bf4 Rc8 20. Bb5 Nxb5 21. Rxe5 Rxc3+ 22. bxc3 Rxe5 23. Bxe5+ Kc8 24. a4 f6 25. Bxf6 gxf6 26. axb5 Kc7 27. Kc2 Kb6 28. c4 a6 29. bxa6 bxa6 30. Kb3 Kc5 31. h4 h5 32. Kc3 f5 33. Kb3 f4 34. Kc3 a5 35. Kb3 Kd4 36. Ka4 Kxc4 37. Kxa5 Kd3 38. Kb4 Ke2 39. Kc4 Kxf2 40. Kd4 Kxf3 41. Ke5 Kg3 42. Kf5 f3 43. Kg5 f2 44. Kxh5 f1Q 45. Kg5 Qf4+ 0-1

[Event "BCF-chT2 1718 (4NCL) Demotion pool"]
[Site "England"]
[Date "2018.03.18"]
[Round "8.68"]
[White "Usharovsky, Ron"]
[Black "Humphreys, Jerry"]
[Result "0-1"]
[WhiteElo "1526"]
[BlackElo "2035"]
[PlyCount "92"]
[EventDate "2017.11.11"]
[EventType "team-tourn"]
[EventRounds "11"]
[EventCountry "ENG"]
[SourceTitle "EXT 2020"]
[Source "ChessBase"]
[SourceDate "2019.10.17"]
[SourceVersion "1"]
[SourceVersionDate "2019.10.17"]
[SourceQuality "1"]
[WhiteTeam "Kings Head"]
[BlackTeam "West is Best II"]
[WhiteTeamCountry "ENG"]
[BlackTeamCountry "WLS"]

1. e4 c5 2. c3 Nf6 3. e5 Nd5 4. d4 cxd4 5. cxd4 e6 6. Nf3 Nc6 7. Nc3 Nxc3 8. bxc3 d6 9. Ba3 Be7 10. Bb5 0-0 11. 0-0 dxe5 12. Bxe7 Qxe7 13. Bxc6 bxc6 14. Nxe5 c5 15. dxc5 Qxc5 16. Qd4 Qxd4 17. cxd4 Rd8 18. Rfd1 Bb7 19. Rac1 Rac8 20. Rc4 f6 21. Rxc8 Rxc8 22. Nd7 Kf7 23. Nc5 Bd5 24. Rb1 e5 25. Nb7 Ke7 26. dxe5 Rb8 27. exf6+ Kxf6 28. f3 Rxb7 29. Rxb7 Bxb7 30. Kf2 Ke5 31. Ke3 a5 32. Kd3 Bd5 33. a3 Be6 34. g3 Kd5 35. Kc3 Bh3 36. Kd3 Bf1+ 37. Kc3 Be2 38. f4 Ke4 39. Kb3 Bb5 40. Kc3 Kf3 41. Kd4 Kg2 42. Ke5 Kxh2 43. g4 Kg3 44. g5 Kg4 45. Ke4 Bd7 46. Ke5 Bf5 0-1

[Event "ENG Terafinal Challengers-B"]
[Site "Daventry"]
[Date "2017.08.12"]
[Round "3"]
[White "Brown, Thomas"]
[Black "Usharovsky, Ron"]
[Result "0-1"]
[WhiteElo "167"]
[BlackElo "126"]
[PlyCount "38"]
[EventDate "2017.08.12"]
[EventType "swiss"]
[EventRounds "6"]
[EventCountry "ENG"]
[SourceTitle "CBM 179 Extra"]
[Source "ChessBase"]
[SourceDate "2017.08.23"]
[SourceVersion "1"]
[SourceVersionDate "2017.08.23"]
[SourceQuality "1"]

1. d4 d5 2. c4 c6 3. Nc3 Nf6 4. e3 e6 5. Nf3 Nbd7 6. Bd3 Bd6 7. 0-0 0-0 8. b3 e5 9. cxd5 cxd5 10. dxe5 Nxe5 11. Bb2 Bg4 12. Be2 Qd7 13. h3 Bxh3 14. gxh3 Nxf3+ 15. Bxf3 Qxh3 16. Re1 Bh2+ 17. Kh1 Bg3+ 18. Kg1 Qh2+ 19. Kf1 Qxf2# 0-1